| 000 | 00341nam a2200133Ia 4500 | ||
|---|---|---|---|
| 008 | 200103s9999||||xx |||||||||||||| ||und|| | ||
| 040 | _aIMU-MPC | ||
| 082 | _aColumn-31 | ||
| 100 | _aMacduff, John N. and Curreri, John R. | ||
| 245 | 0 | _aVibration Control | |
| 260 |
_bMcGraw-Hill Book Company, Inc. _c1958 |
||
| 300 | _avii, 465 | ||
| 942 | _cBK | ||
| 999 |
_c7439 _d7439 |
||